<?xml version="1.0" encoding="UTF-8"?>
<collection xmlns="http://www.loc.gov/MARC21/slim">
  <record>
    <leader>00000nam  2200000   4500</leader>
    <controlfield tag="001">INLIS000000000006289</controlfield>
    <controlfield tag="005">20191218115331</controlfield>
    <datafield tag="035" ind1="#" ind2="#">
      <subfield code="a">0010-1219000120</subfield>
    </datafield>
    <controlfield tag="007">ta</controlfield>
    <controlfield tag="008">191218################g##########0#ind##</controlfield>
    <datafield tag="020" ind1="#" ind2="#">
      <subfield code="a">9796052261</subfield>
    </datafield>
    <datafield tag="082" ind1="#" ind2="#">
      <subfield code="a">302.2</subfield>
    </datafield>
    <datafield tag="084" ind1="#" ind2="#">
      <subfield code="a">302.2 Kin s</subfield>
    </datafield>
    <datafield tag="100" ind1=" " ind2="#">
      <subfield code="a">King, Larry</subfield>
    </datafield>
    <datafield tag="245" ind1="1" ind2="#">
      <subfield code="a">Seni berbicara kepada Siapa Saja, Kapan Saja, di Mana Saja. :</subfield>
      <subfield code="b">Rahasia komunikasi yang baik /</subfield>
      <subfield code="c">Larry King</subfield>
    </datafield>
    <datafield tag="250" ind1="#" ind2="#">
      <subfield code="a">Cet.13</subfield>
    </datafield>
    <datafield tag="260" ind1="#" ind2="#">
      <subfield code="a">Jakarta :</subfield>
      <subfield code="b">PT. Gramedia Pustaka Utama,</subfield>
      <subfield code="c">2004</subfield>
    </datafield>
    <datafield tag="300" ind1="#" ind2="#">
      <subfield code="a">xv, 162 hlm. ;</subfield>
      <subfield code="c">21 cm</subfield>
    </datafield>
    <datafield tag="650" ind1="#" ind2="#">
      <subfield code="a">Komunikasi</subfield>
    </datafield>
    <datafield tag="520" ind1="#" ind2="#">
      <subfield code="a">Salah satu hal yang saya pelajari adalah: tak ada orang yang tidak dapat Anda ajak bicara, bila Anda memiliki sikap yang tepat. Setelah membaca buku ini, Anda harus bisa mengikuti segala percakapan dengan penuh keyakinan, dan Anda akan tahu cara menyampaikan pesan dengan efektif, dalam situasi apapun. Anda akan dapat berbicara dengan lebih baik dan dapat lebih menikmatinya. Mulailah sekarang juga. (Larry King). Sebagian hal yang akan  Anda temuka  dalam Seni Berbicara kepada Siapa Saja, Kapan Saja, Di mana Saja: -Memulai percakapan, -Memberi pidato dan presentasi, -Pertanyaan terbesar yang pernah diajukan, -Mengatasi rasa malu dan membuat orang merasa nyaman, -Kapan menggunakan homor dalam percakapan sosial dan publik speaking, -Apa yang harus dikatakan dalam wawancara pekerjaan, - Tiga kunci menuju pertemuan bisnis yang sukses, Delapan hal yang dimiliki para pembicara.</subfield>
    </datafield>
    <datafield tag="856" ind1="#" ind2="#">
      <subfield code="a">Perpustakaan Lembaga Administrasi Negara</subfield>
    </datafield>
    <datafield tag="990" ind1="#" ind2="#">
      <subfield code="a">04108543</subfield>
    </datafield>
    <datafield tag="990" ind1="#" ind2="#">
      <subfield code="a">04108545</subfield>
    </datafield>
  </record>
</collection>
